| 000 | 00532nam a2200157Ia 4500 | ||
|---|---|---|---|
| 008 | 230917s9999||||xx |||||||||||||| ||und|| | ||
| 020 | _cUSD69.95 | ||
| 040 |
_e218924 _aMAIN |
||
| 041 | _aEnglish | ||
| 082 | _a616.0756 D26C | ||
| 100 | _aDasgupta, Amitava | ||
| 245 | 0 | _aClinical chemistry immunology and laboratory quality control: A comprehensive review for board preparation, certification and clinical practice | |
| 260 |
_aAmsterdam _bElsevier _c2014 |
||
| 500 | _a1629 14/08/2014 IBS71 19/08/2014 Main Budget | ||
| 942 | _cBK | ||
| 999 |
_c12078 _d12078 |
||